| 000 | 02932nam a22002297a 4500 | ||
|---|---|---|---|
| 008 | 250513t2025 xxk|||||o|||| 00| 0 eng d | ||
| 020 | _a9781783215430 | ||
| 041 | _aeng | ||
| 110 | _aRoyal Institution of Chartered Surveyors | ||
| 245 |
_aPublic Sector Valuer Rotation Working Group _b- December 2024 final report _h[Electronic resource] |
||
| 260 |
_aLondon, _bRoyal Institution of Chartered Surveyors, _cMay 2025 |
||
| 300 | _a31p. | ||
| 520 | _aThe Royal Institution of Chartered Surveyors (RICS) has released a report on UK public sector valuer rotation. After rigorous discussions, industry experts decided that public sector valuations of investment properties, whether undertaken internally or by an external valuation firm, are distinct from valuations of investment property counterparts in the private sector in terms of both actual risk and public perception. The valuations for which rotation is mandatory are known as regulated purpose valuations (RPV). The purposes covered are fully detailed at UK VPS 3. RICS’ UK rotation policy is included at UK VPS 3.3. The RICS Valuation Review in 2020 recommended that ‘RICS should develop a time specific, mandatory procurement and rotation process for valuers’. Following this, the RICS Valuation Review Implementation Committee (VRIC) decided in their 2023 report that this recommendation shouldn’t initially apply to public sector valuations, subject to RICS undertaking an additional work stream in this area. The working group comprised senior public and private sector valuation professionals, public sector finance professionals, and other key stakeholders involved in the valuation process. It was chaired by Nick French, who is also chair of RICS’ Global Valuation Standards Expert Working Group. It was agreed that the existing oversight mechanisms of other bodies, such as the government, together with the annual external audits of all valuations, for which third-party valuers are usually included in the audit teams, are robust and ensure that all investment valuations are reviewed. This recommendation has been approved by the RICS Standards and Regulation Board, the recently established Valuation Assurance Committee and the Knowledge and Practice Committee. | ||
| 520 | _aAccompanied by the RICS Standards and Regulation Board’s response to RICS’ Public Sector Valuer Rotation Working Group’s recommendations report | ||
| 650 | _aVALUATION | ||
| 650 | _aVALUER ROTATION | ||
| 651 | _aUnited Kingdom | ||
| 710 | _aRoyal Institution of Chartered Surveyors | ||
| 856 |
_uhttps://www.rics.org/content/dam/ricsglobal/documents/standards/Public-Sector-Valuer-Rotation-Working-Group_December-2024_Final-Report.pdf _zReport available on RICS.org |
||
| 856 |
_uhttps://www.rics.org/content/dam/ricsglobal/documents/standards/Public-Sector-Valuer-Rotation-Working-Group-Report_SRB-Response.pdf _zSRB response |
||
| 942 | _n0 | ||
| 999 |
_c122159 _d122159 |
||